OPAC Home

භූගෝල ශාස්ත්‍රීය ශිෂ්‍ය පුස්තකය.බ්‍රිතාන්‍ය අධිරාජ්‍යය (Record no. 91292)

MARC details
000 -LEADER
fixed length control field 00580nam a2200169Ia 4500
003 - CONTROL NUMBER IDENTIFIER
control field LK-CoDNM
008 - FIXED-LENGTH DATA ELEMENTS--GENERAL INFORMATION
fixed length control field 010623t1922 xxu||||| |||| 00| 1 sin d
040 ## - CATALOGING SOURCE
Original cataloging agency LK-CoDNM
Modifying agency LK-CoDNM
Description conventions LK-CoDNM
041 ## - LANGUAGE CODE
Language code of text/sound track or separate title Sinhala; Sinhalese
080 ## - UNIVERSAL DECIMAL CLASSIFICATION NUMBER
Universal Decimal Classification number 104 CC.20
942 ## - ADDED ENTRY ELEMENTS (KOHA)
Koha item type Books
100 ## - MAIN ENTRY--PERSONAL NAME
Personal name Lay,J.S
245 ## - TITLE STATEMENT
Title භූගෝල ශාස්ත්‍රීය ශිෂ්‍ය පුස්තකය.බ්‍රිතාන්‍ය අධිරාජ්‍යය
246 ## - VARYING FORM OF TITLE
Title proper/short title The Pupils Class Book of Geography.The British Empire
260 ## - PUBLICATION, DISTRIBUTION, ETC. (IMPRINT)
Name of publisher, distributor, etc. Macmilan Co.
Place of publication, distribution, etc. Madras
Date of publication, distribution, etc. 1922
300 ## - PHYSICAL DESCRIPTION
Other physical details 213p., map, 20 cm
Holdings
Withdrawn status Lost status Damaged status Not for loan Collection code Permanent Location Current Location Date acquired Full call number Barcode Koha item type
        Monographs Library National Museum Colombo - Sri Lanka Library National Museum Colombo - Sri Lanka 2023-08-02 104 CC.20 16710 Books
Copyright © 2023 Department of National Museum, Colombo 07, Sri Lanka Funded by UNESCO IFAP UNESCO